Собрание сочинений: В 4 т.; Т. 3; Смирдин и сын. Флореаль. Исторические романы

Бібліографічні деталі
Автор: Говоров А. А. Александр Алексеевич
Інші автори: Брагинский В. (иллюстратор)
Мова:Російська
Опубліковано: Москва, Терра, 1993
Предмети:
Формат: MixedMaterials Книга
KOHA link:https://koha.lib.tpu.ru/cgi-bin/koha/opac-detail.pl?biblionumber=136095

MARC

LEADER 00000nam0a2200000 4500
001 136095
005 20231031140323.0
010 |a 5852552453 
010 |a 5-85255-422-7 
020 |a RU  |b 94-781 
035 |a (RuTPU)RU\TPU\book\147490 
090 |a 136095 
100 |a 20080418g1993 m y0rusy5003 ca 
101 0 |a rus 
102 |a RU 
105 |a a z 000ay 
200 1 |a Собрание сочинений  |e В 4 т.  |h Т. 3  |i Смирдин и сын. Флореаль. Исторические романы  |f А. А. Говоров  |g худож. В. Брагинский 
210 |a Москва  |c Терра  |d 1993 
215 |d 21 см  |a 732 с.  |c ил. 
600 1 |a Смирдин  |b А. Ф.  |c российский издатель  |c книгопродавец  |f 1795-1857  |g Александр Филлипович  |c типограф  |2 stltpush  |3 (RuTPU)RU\TPU\pers\8266 
610 1 |a Исторические романы 
675 |a Р2  |z rus 
700 1 |a Говоров  |b А. А.  |g Александр Алексеевич  |4 070 
702 1 |a Брагинский  |b В.  |4 440 
801 0 |a RU  |b RuMRKP  |c 19950413  |g psbo 
801 1 |a RU  |b 63413507  |c 20080418  |g PSBO 
801 2 |a RU  |b 63413507  |c 20080418  |g PSBO 
942 |c BK